Cromatografía de gases /

Guardado en:
Autor Principal: Mcnair, Harold M.
Formato: Libro
Publicado: Washington : O.e.a., 1981
Materias:
Etiquetas: Agregar Etiqueta
Sin Etiquetas, Sea el primero en etiquetar este registro!
LEADER 00487nam a22001815a 4500
001 CEM.cems004264
005 20060216000000.0
008 130507s1981##################000#0#####d
003 CEMS
082 0 4 |a 545.8 
100 1 |a Mcnair, Harold M. 
245 1 0 |a Cromatografía de gases / 
260 |a Washington :  |b O.e.a.,  |c 1981 
300 |a 90 p. 
653 |a Cromatografia-gases 
653 |a Química 
653 |a Química analitica 
859 |a CEMS  |b BIB. CEMS - 11 de abril  |h 545.8  |i M231  |p 11125.82  |t Ej.1